| 000 | 00850nam a2200205 i 4500 | ||
|---|---|---|---|
| 001 | 38752 | ||
| 003 | ES-MaACL | ||
| 005 | 20230912063103.0 | ||
| 007 | t| | ||
| 008 | 030226s1918 sp |||| | spa d | ||
| 100 | 0 |
_aCalomarde, Juan José _933772 |
|
| 245 | 1 | 0 |
_aHuelgas económicas y huelgas políticas / _cmemoria de Juan José Calomarde, secretario de la Sección de Ciencias Morales y Políticas, donde fue puesta a discusión el día 7 de diciembre de 1917. |
| 260 |
_aMadrid : _b[s.n.], _c1918 ( _fImp. de Enrique Arahuetes) |
||
| 300 |
_a21 p. ; _c21 cm. |
||
| 594 | _aPrecede al tít.: Ateneo Científico, Literario y Artístico de Madrid. | ||
| 610 | 2 | 4 |
_aAteneo de Madrid. _bSección de Ciencias Morales y Políticas- _vMemorias. _91986 |
| 650 | 4 |
_aHuelgas. _913489 |
|
| 852 | 4 |
_aES-MaACL _j1527-F-18 |
|
| 999 |
_c38752 _d38752 |
||